000 01521cam a2200373 a 4500
001 13599850
003 OSt
005 20140310181658.0
008 040520s2005 nyu c 000 1 eng
010 _a 2004050633
020 _a0374312575
040 _aDLC
_cDLC
_dDLC
042 _alcac
050 0 0 _aPZ 7
_b.D3597Mi 2005
082 0 0 _aFIC
_bDe34 2005
100 1 _aDeFelice, Cynthia C.
_918073
245 1 4 _aThe missing manatee /
_cCynthia DeFelice.
250 _a1st ed.
260 _aNew York :
_bFarrar, Straus and Giroux,
_cc2005.
300 _a181 p.
_c22 cm.
520 _aWhile coping with his parents' separation, eleven-year-old Skeet spends most of Spring Break in his skiff on a Florida river, where he finds a manatee shot to death and begins looking for the killer.
650 1 _aBoats and boating
_vFiction.
_918074
650 1 _aFishing
_vFiction.
_918075
650 1 _aFamily problems
_vFiction.
_918076
650 1 _aManatees
_vFiction.
_918077
650 1 _aMystery and detective stories.
_93790
651 1 _aFlorida
_vFiction.
_918078
856 4 2 _3Contributor biographical information
_uhttp://www.loc.gov/catdir/enhancements/fy0618/2004050633-b.html
856 4 2 _3Publisher description
_uhttp://www.loc.gov/catdir/enhancements/fy0618/2004050633-d.html
906 _a7
_bcbc
_corignew
_d1
_eocip
_f20
_gy-gencatlg
942 _2lcc
_cBK-FIC
999 _c1134
_d1134